000 01232nam a2200313 4500
001 191625
003 SpMaBN
005 20250825092654.0
008 221005s2003 sp | o||| ||spa
016 7 _abimoBNE20040015556 [
_2SpMaBN]
017 _aL 821-2003
_bOficina Depósito Legal Lleida
020 _a84-9743-079-4
035 _a(OCoLC)53937533
040 _aSpMaBN
_bspa
_cSpMaBN
_erdc
080 _a025.2
100 1 _aSpiller, David.
_9175369
245 1 3 _aLa provisión de recursos de información para los usuarios de bibliotecas /
_cDavid Spiller ; revisado por Col·legi Oficial de Bibliotecaris-Documentalistes de Catalunya ; [traducción, Josep Tarragona i Castells].
250 _a1ª ed.
260 _a[Lérida] :
_bMilenio ;
_a[Barcelona] :
_bDiputación de Barcelona,
_c2003.
300 _a258 p. ;
_c24 cm.
504 _aBibliografía: p. [253]-258.
594 _aTraducción de: Providing materials for library users
650 7 _aSelección de libros (Bibliotecas)
_2embne
_9175370
650 7 _aAdquisiciones (Bibliotecas)
_9196225
852 _aES-MaACL
_jA-15042
_9198909
_bR.133948
_cDEPO1
_dOlim: 025.2 SPI pro
942 _2udc
999 _c191625
_d191625